1151 1950 1677 1223 1403 1468 1247 1107 1743 1851 1818 1434 1930 1070 1599 1720 1266 1136 1295 1537 1453 1515 1602 1408 1352 1148 1975 1932 1984 1238 1968 1332 1628 1177 1828 1622 1720 1982 1759 1667 1648 1281 1399 1527 1214 1964 1723 1416 1765 1274 1308 1873 1032 1350 1242 1903 1834 1513 1396 1614 1804 1793 1873 1878 1803 1229 1048 1139 1956 1873 1507 1088 1959 1572 1641 1966 1763 1973 1969 1273 1002 1883 1605 1131 1513 1760 1779 1361 1450 1092 1119 1535 1818 1518 1357 1557 1294 1410 1463 BCNSPRNW ULIB Ver.6.0+V

เปลี่ยนเป็นภาษาไทย

Change to English
 แสดงรายละเอียดบรรณานุกรม
  กลับหน้าหลัก

Brief Record : Get Marc (ISO 2709) : E-mail record : QR code < ปิดหน้าต่าง
LEADER : 00000nam 2200000uu 4500
001    13399125983
003     ULIB
008    171201s2560||||th 000 0 tha d
020    ^a9786164296312
050    ^aLB2832.4.T5^bน674จ
100    ^aนิวัตต์ น้อยมณี และ กัญภร เอี่ยมพญา.
245    ^aจิตวิญญาณครู/^cนิวัตต์ น้อยมณี และ กัญภร เอี่ยมพญา.
260    ^aนนทบุรี :^b21 เซ็นจูรี่,^c2560
300    ^a329 หน้า;^b^c21 ซม.
650    ^aครู
650  0 ^aครู-จิตวิญญาณ
945    ^p180^l0^i25709
999    ^aกัณชพร จุลอักษร
รายการนี้ยังไม่มีแท็ก
คุณยังไม่ได้ล็อกอิน คุณสามารถมีกิจกรรมร่วมกับเว็บไซต์ได้ แต่ต้องล็อกอินก่อน ::
  ล็อกอิน

รายการสื่อสารสนเทศ

ลำดับที่ ประเภท เลขเรียก/บาร์โค้ด สถานที่ สถานะ
1. วิทยาศาสตร์การแพทย์ และสุขภาพ
วิทยาศาสตร์การแพทย์ และสุขภาพ
LB2832.4.T5 น674จ ฉ.1 
  Barcode: 25709
ห้องสมุดวิทยาเขตนครสวรรค์
►หนังสือทั่วไป:l:General Books
บนชั้น

รายการใกล้เคียง
    หัวเรื่อง [ครู]
    หัวเรื่อง [ครู-จิตวิญญาณ]

BibComment


ยังไม่เคยถูกคอมเมนท์

คอมเมนท์ทรัพยากรรายการนี้
  คอมเมนท์: จิตวิญญาณครู นิว..


 Copyright 2026. Bcnsprnw @Library